Museo Internacional del Barroco (Record no. 8792)
[ view plain ]
| 000 -CABECERA | |
|---|---|
| campo de control de longitud fija | 01252nam a2200289 a 4500 |
| 001 - NÚMERO DE CONTROL | |
| campo de control | BRCA_9145 |
| 005 - FECHA Y HORA DE LA ÚLTIMA TRANSACCIÓN | |
| campo de control | 20190320210533.0 |
| 008 - DATOS DE LONGITUD FIJA--INFORMACIÓN GENERAL | |
| campo de control de longitud fija | 190618s2016----mx-a######---#000-0#spa-# |
| 020 ## - NÚMERO INTERNACIONAL ESTÁNDAR DEL LIBRO | |
| Número Internacional Estándar del Libro | 9786074612127 |
| 041 ## - CÓDIGO DE LENGUA | |
| Código de lengua del texto/banda sonora o título independiente | spaeng |
| 044 ## - CÓDIGO DEL PAÍS DE LA ENTIDAD EDITORA/PRODUCTORA | |
| Código MARC del país | mx |
| 050 #4 - SIGNATURA TOPOGRÁFICA DE LA BIBLIOTECA DEL CONGRESO | |
| Número de clasificación | N6557.P9 |
| Número de documento/Ítem | .M97 2016 |
| 245 10 - MENCIÓN DE TÍTULO | |
| Título | Museo Internacional del Barroco |
| Resto del título | la puesta en escena : museología y museografía |
| Mención de responsabilidad, etc. | Miguel Ángel Fernández, coordinador ; traductores, Jill Derais, Paige Mitchell, Fionn Petch. |
| 260 ## - PUBLICACIÓN, DISTRIBUCIÓN, ETC. | |
| Lugar de publicación, distribución, etc. | Puebla |
| Nombre del editor, distribuidor, etc. | Museo Internacional del Barroco : Gobierno del Estado de Puebla ; Ciudad de México : Artes de México y el Mundo |
| Fecha de publicación, distribución, etc. | 2016 |
| 300 ## - DESCRIPCIÓN FÍSICA | |
| Extensión | 206 p. |
| Otras características físicas | il (algunas a color) |
| Dimensiones | 36 cm. |
| 504 ## - NOTA DE BIBLIOGRAFÍA, ETC. | |
| Nota de bibliografía, etc. | Bibliografía : p. 163-167 |
| 546 ## - NOTA DE LENGUA/LENGUAJE | |
| Nota de lengua/lenguaje | Texto en : español e inglés |
| 610 24 - PUNTO DE ACCESO ADICIONAL DE MATERIA--NOMBRE DE ENTIDAD CORPORATIVA | |
| Nombre de entidad corporativa o nombre de jurisdicción como elemento de entrada | Museo Internacional del Barroco |
| Subdivisión de forma | Catálogos |
| 9 (RLIN) | 22538 |
| 650 14 - PUNTO DE ACCESO ADICIONAL DE MATERIA--TÉRMINO DE MATERIA | |
| Término de materia o nombre geográfico como elemento de entrada | Arte barroco |
| Subdivisión de forma | Catálogos |
| Subdivisión geográfica | México - Puebla de Zaragoza |
| 9 (RLIN) | 22539 |
| 650 14 - PUNTO DE ACCESO ADICIONAL DE MATERIA--TÉRMINO DE MATERIA | |
| Término de materia o nombre geográfico como elemento de entrada | Museos |
| Subdivisión geográfica | México - Puebla de Zaragoza |
| 9 (RLIN) | 22540 |
| 651 #4 - PUNTO DE ACCESO ADICIONAL DE MATERIA--NOMBRE GEOGRÁFICO | |
| Nombre geográfico | Puebla de Zaragoza (México) |
| Subdivisión general | Edificios, estructuras, etc. |
| 9 (RLIN) | 22541 |
| 700 1# - PUNTO DE ACCESO ADICIONAL--NOMBRE DE PERSONA | |
| Nombre de persona | Fernández, Miguel Ángel |
| Término indicativo de función/relación | coord. |
| 9 (RLIN) | 22542 |
| 700 1# - PUNTO DE ACCESO ADICIONAL--NOMBRE DE PERSONA | |
| Nombre de persona | Derais, Jill |
| Término indicativo de función/relación | tr. |
| 9 (RLIN) | 22543 |
| 700 1# - PUNTO DE ACCESO ADICIONAL--NOMBRE DE PERSONA | |
| Nombre de persona | Mitchell, Paige |
| Término indicativo de función/relación | tr. |
| 9 (RLIN) | 22544 |
| 710 2# - PUNTO DE ACCESO ADICIONAL--NOMBRE DE ENTIDAD CORPORATIVA | |
| Nombre de entidad corporativa o nombre de jurisdicción como elemento de entrada | Museo Internacional del Barroco |
| 9 (RLIN) | 22545 |
| 942 ## - ELEMENTOS DE PUNTO DE ACCESO ADICIONAL (KOHA) | |
| Fuente del sistema de clasificación o colocación | Library of Congress Classification |
| Tipo de ítem Koha | Libros |
| Estado de retiro | Estado de pérdida | Estado dañado | No para préstamo | Localización permanente | Ubicación/localización actual | Fecha de adquisición | Total de préstamos | Signatura topográfica completa | Código de barras | Fecha visto por última vez | Precio válido a partir de | Tipo de ítem Koha |
|---|---|---|---|---|---|---|---|---|---|---|---|---|
| El ejemplar forma parte de la colección y puede ser consultado según las políticas vigentes. | Biblioteca del Museo Franz Mayer (Rogerio Casas-Alatriste) | Biblioteca del Museo Franz Mayer (Rogerio Casas-Alatriste) | 15/06/2018 | N6557.P9 .M97 2016 | 02977 | 22/03/2019 | 22/03/2019 | Libros |